| 000 | 01935 a2200253 4500 | ||
|---|---|---|---|
| 001 | 44875 | ||
| 005 | 20260407155723.0 | ||
| 008 | 260407a1997 arg spa d | ||
| 003 | AR-UNSa-BCEJYS | ||
| 040 |
_aAR-UNSa-BCEJYS _bspa _cAR-UNSa-BCEJYS |
||
| 080 |
_a330.101.541 _xMacroeconomía |
||
| 245 | 1 | 0 |
_aMacroeconomía _pteoría y política |
| 020 | _a84-481-0968-6 | ||
| 264 | 1 |
_aMadrid : _bMcGraw-Hill _c1997 |
|
| 300 |
_axi, 565 p. _c25 cm. |
||
| 505 | _a1. El enfoque macroeconómico - 2. Magnitudes macroeconómicas – 3. La economía de Robinson Crusoe – 4. La restricción presupuestaria básica y la demanda de dinero – 5. La restricción presupuestaria intertemporaria y la demanda de crédito – 6. El modelo básico de vaciado de mercado - 7. El mercado de trabajo – 8. Los mercados mundiales de bienes y de crédito – 9. La inflación y los tipos de interés: una introducción – 10. Dinero, inflación y tipos de interés en el modelo de vaciado de mercado – 11. La intermediación financiera – 12. Las relaciones monetarias internacionales – 13. La inversión y los ciclos reales – 14. El desempleo – 15. El crecimiento económico – 16. El gasto público en bienes y servicios – 17. Los impuestos y las transferencias – 18. La deuda pública – 19. La inversión y la política fiscal en la economía mundial – 20. La interacción entre las variables nominales y las reales - 21. El dinero y las fluctuaciones económicas en el modelo de vaciado de mercado – 22. La teoría keynesiana de las fluctuaciones económicas – 23. Políticas monetarias, credibilidad y coordinación internacional - | ||
| 041 | _aspa | ||
| 942 | _cBK | ||
| 590 | _aniveau_biblio:m niveau_hierar:0 | ||
| 100 | 1 | _aGrilli, Vittorio | |
| 700 | 1 | _aBarro, Robert J. | |
| 700 | 1 | _aFebrero, Ramón | |
| 856 | 4 | 1 |
_uhttps://www.biblioeco.unsa.edu.ar/pmb/images/libros/L127008.jpg _yImagen de portada _qimage/jpeg |
| 999 |
_c3826 _d3826 |
||